Vývoj zamestnanosti a priemerných miezd v malých organizáciách do 24 pracovníkov v rezorte pôdohospodárstva

Rast počtu pracovníkov v malých organizáciách - vysoké tempo rastu zamestnanosti. Priemerné mzdy a produktivita práce. Nezastupiteľné miesto a funkcie malých podnikateľských subjektov v ekonomike každej krajiny. Podpora vzniku týchto podnikateľských štruktúr.

Guardado en:
Detalles Bibliográficos
Autor principal: Buchta, Stanislav
Formato: Capítulo de libro
Lenguaje:eslovaco
Materias:
Etiquetas: Agregar Etiqueta
Sin Etiquetas, Sea el primero en etiquetar este registro!

MARC

LEADER 00000naa a2200000 4500
001 r019926
005 20221129134112.5
041 0 |a slo 
044 |a CZ 
245 1 0 |a Vývoj zamestnanosti a priemerných miezd v malých organizáciách do 24 pracovníkov v rezorte pôdohospodárstva  |c Stanislav Buchta 
520 |a Rast počtu pracovníkov v malých organizáciách - vysoké tempo rastu zamestnanosti. Priemerné mzdy a produktivita práce. Nezastupiteľné miesto a funkcie malých podnikateľských subjektov v ekonomike každej krajiny. Podpora vzniku týchto podnikateľských štruktúr. 
610 2 0 |a zamestnanosť 
610 2 0 |a počet pracovníkov 
610 2 0 |a Slovensko 
610 2 0 |a pôdohospodárstvo 
610 2 0 |a poľnohospodárstvo 
610 2 0 |a podnik malý 
610 2 0 |a podnik poľnohospodársky 
610 2 0 |a potravinárstvo 
610 2 0 |a mzdy priemerné 
610 2 0 |a regióny 
610 2 0 |a diferenciácia mzdová 
100 1 |a Buchta, Stanislav